A lakáséttermek helyzetének bemutatása Magyarországon

Bibliográfiai részletek
Szerző: Halmai Rebeka
További közreműködők: Rudolfné Katona Dr. Mária
Dokumentumtípus: Diplomadolgozat
Kulcsszavak:lakásétterem
alternatív vendéglátás
Capriccio
Sárga Villa
Manduláskert
Online Access:http://dolgozattar.uni-bge.hu/2284

MARC

LEADER 00000nta a2200000 i 4500
001 dolg2284
005 20150921155530.0
008 150506suuuu hu om 000 hun d
040 |a BGE Dolgozattár Repozitórium  |b hun 
041 |a hu 
100 1 |a Halmai Rebeka 
245 1 2 |a A lakáséttermek helyzetének bemutatása Magyarországon  |c Halmai Rebeka  |h [elektronikus dokumentum] 
246 1 1 |a A lakáséttermek helyzetének bemutatása Magyarországon 
695 |a lakásétterem 
695 |a alternatív vendéglátás 
695 |a Capriccio 
695 |a Sárga Villa 
695 |a Manduláskert 
700 1 |a Rudolfné Katona Dr. Mária  |e ths 
856 4 0 |u http://dolgozattar.uni-bge.hu/2284/1/HRszakdolgozatkesz.pdf  |z Dokumentum-elérés